Normal view
MARC view
- Mantyla, M Shah, Jami J
Entry Personal Name
001 - CONTROL NUMBER
- control field: 73769
003 - CONTROL NUMBER IDENTIFIER
- control field: NUST
005 - DATE AND TIME OF LATEST TRANSACTION
- control field: 20210628205058.0
008 - FIXED-LENGTH DATA ELEMENTS
- fixed length control field: 210628|| aca||aabn | a|a d
040 ## - CATALOGING SOURCE
- Original cataloging agency: NUST
- Transcribing agency: NUST
100 ## - HEADING--PERSONAL NAME
- Personal name: Mantyla, M Shah, Jami J
670 ## - SOURCE DATA FOUND
- Source citation: Work cat.: (NUST): Mantyla, M Shah, Jami J, Parametric and feature based cad/cam , 1995
